True or false: horse breeds - sudden death - Statistics

General Stats
  • This quiz has been taken 556 times
  • The average score is 9 of 21
Answers on the Grid
Answers color-coded by a green-red scale on the quiz's grid according to % correct below.
Arabian
Morle
Morab
Marwari
Ranker
Peruvian Paso
Akhal-teke
American Quarter
Azteca
Spanish Paint
Clydesdale
Shire
Cerbat
Felling
Tennessee Walking horse
Drisco
Shag
Irish Draught
Nokota
Lusitano
Americanos
Hackney
Tiger horse
Gypsy Vanner
Black Forest
Darlite
Oldenburg
Selle Francais
Kaleish
Mustang
 
Answer Stats
Answer % Correct
Arabian
95%
Mustang
66%
Clydesdale
64%
Shire
62%
American Quarter
59%
Akhal-teke
51%
Tennessee Walking horse
48%
Irish Draught
44%
Lusitano
42%
Peruvian Paso
41%
Marwari
40%
Oldenburg
39%
Gypsy Vanner
38%
Hackney
38%
Selle Francais
33%
Black Forest
28%
Morab
24%
Azteca
16%
Nokota
11%
Tiger horse
11%
Cerbat
3%
No matching quizzes found
Score Distribution
Percent of People with Each Score
Percentile by Number Answered
Your Score History
You have not taken this quiz